| 000 | 00448nac a22001571u 4500 | ||
|---|---|---|---|
| 999 |
_c3676 _d3676 |
||
| 008 | 081012t xxu||||| |||| 00| 0 eng d | ||
| 020 | _a977316165x | ||
| 040 |
_aEG-ScBUE _cEG-ScBUE |
||
| 082 |
_a813 _bMAH |
||
| 245 |
_aالسمان والخريف / _cنجيب محفوظ . |
||
| 260 |
_aالقاهرة : _bمكتبة مصر , [19?] _c[19?] |
||
| 300 |
_a157ص ; _c16 سم . |
||
| 500 | _aArabic Books. | ||
| 651 | _2BUEsh | ||
| 942 |
_cBB _k813MAH _2ddc |
||